[Event "Petrovskaya Ladya Open"]
[Site "Peterhof RUS"]
[Date "2007.01.11"]
[Round "9"]
[White "Kiselev,P"]
[Black "Kobzar,A"]
[Result "0-1"]
[WhiteElo "2036"]
[BlackElo "2094"]

1.d4 Nf6 2.c4 c5 3.d5 e6 4.Nc3 exd5 5.cxd5 d6 6.Nf3 g6 7.e4 Bg7 8.Be2 O-O
9.O-O Re8 10.Nd2 b6 11.a4 Ba6 12.Bb5 Re7 13.f3 Bxb5 14.axb5 Nfd7 15.Kh1 Bd4
16.Ne2 Bf6 17.f4 Qc7 18.Qc2 Bg7 19.Nc4 Re8 20.Nc3 Bd4 21.Bd2 Nf6 22.Rae1 Nbd7
23.e5 dxe5 24.d6 Qd8 25.f5 Ng4 26.f6 Ndxf6 27.h3 Nh5 28.Ne4 Qh4 29.Bg5 Qxg5
30.g3 Nf2+ 31.Qxf2 Bxf2 32.Nxg5 Bxe1 33.Rxe1 Nxg3+ 34.Kh2 Nf5 35.d7 Re7 36.Nxe5 f6
37.Rd1 Nd4 38.Nc6 Rxd7 39.Ne4 Nf3+  0-1

[Event "5th Parsvnath Open"]
[Site "New Delhi IND"]
[Date "2007.01.15"]
[Round "2"]
[White "Bhagwat,V"]
[Black "Hossain,Enam"]
[Result "0-1"]
[WhiteElo "2191"]
[BlackElo "2506"]

1.d4 Nf6 2.c4 c5 3.d5 e6 4.Nc3 exd5 5.cxd5 d6 6.Nf3 g6 7.h3 a6 8.e4 b5 9.Bd3 Bg7
10.O-O O-O 11.Bf4 Bb7 12.Rc1 Qb6 13.b3 Re8 14.Re1 Nbd7 15.a4 Nh5 16.Be3 bxa4
17.bxa4 Ne5 18.Nxe5 Bxe5 19.Rb1 Qc7 20.Ne2 Bc8 21.Qd2 Bg7 22.a5 Nf6 23.f3 Nd7
24.Bf4 Be5 25.Bxe5 Nxe5 26.f4 Nxd3 27.Qxd3 Qxa5 28.Ng3 Bd7 29.e5 f5 30.Ra1 Qb4
31.e6 Bb5 32.Qf3 Rac8 33.Kh2 Rc7 34.Ne2 Bxe2 35.Rxe2 c4 36.Rxa6 Qc5 37.Rea2 c3
38.Ra8 Rxa8 39.Rxa8+ Kg7 40.Qe2 Qxd5  0-1

[Event "GM"]
[Site "Geneve SUI"]
[Date "2007.01.20"]
[Round "1"]
[White "Cvitan,O"]
[Black "Vuilleumier,A"]
[Result "1-0"]
[WhiteElo "2536"]
[BlackElo "2368"]

1.d4 Nf6 2.Nf3 c5 3.d5 d6 4.c4 e6 5.Nc3 exd5 6.cxd5 g6 7.Nd2 Nbd7 8.e4 Bg7
9.Nc4 Nb6 10.Ne3 O-O 11.Bd3 Nfd7 12.O-O Ne5 13.Be2 f5 14.f4 Nf7 15.exf5 gxf5
16.Rf3 Nh6 17.Rg3 Kh8 18.Rxg7 Kxg7 19.b3 Qe7 20.Qd3 Bd7 21.Bb2 Rae8 22.Ne4+ Kg6
23.Ng3  1-0

[Event "GM"]
[Site "Geneve SUI"]
[Date "2007.01.20"]
[Round "1"]
[White "Huss,A"]
[Black "Maze,S"]
[Result "0-1"]
[WhiteElo "2342"]
[BlackElo "2506"]

1.d4 Nf6 2.Nf3 e6 3.c4 c5 4.d5 exd5 5.cxd5 d6 6.Nc3 g6 7.e4 Bg7 8.Be2 a6
9.a4 O-O 10.O-O Ne8 11.Bf4 Nd7 12.Qd2 Rb8 13.Rfe1 Qc7 14.Rac1 Qa5 15.Bf1 Ne5
16.Nxe5 dxe5 17.Be3 Nd6 18.b3 Qb4 19.f3 c4 20.Qf2 Qxb3 21.Re2 b6 22.Rb2 Qa3
23.Ra2 Qb4 24.Rb2 Qa3 25.Bxb6 Rxb6 26.Qxb6 Nb5 27.Rbc2 Nd4 28.Qb2 Nxc2 29.Qxc2 Bd7
30.Rb1 Rc8 31.Rb7 Be8 32.h4 Bf8 33.Kh2 Qd6 34.Qb2 Qf6 35.Qf2 h5 36.g3 Bc5
37.Qe2 Bd4 38.Bh3 Rd8 39.Qxc4 Qxf3 40.Ne2 Qxe4 41.Qxa6 Qxd5 42.Bg2 Qa2 43.Qf6 Rc8
44.Qf1 Bc6 45.Bxc6 Rxc6 46.Kh1 Kg7 47.Nxd4 exd4 48.Rd7 Rf6 49.Qg1 Qe6 50.Qxd4 Qh3+
51.Kg1 Qxg3+ 52.Kh1 Qh3+ 53.Kg1 Qf1+ 54.Kh2 Kh7  0-1

[Event "Open"]
[Site "Moscow RUS"]
[Date "2007.01.29"]
[Round "3"]
[White "Belov,Vl"]
[Black "Chudinovskikh,A"]
[Result "1/2-1/2"]
[WhiteElo "2600"]
[BlackElo "2359"]

1.d4 Nf6 2.c4 e6 3.Nf3 c5 4.d5 exd5 5.cxd5 d6 6.Nc3 g6 7.e4 Bg7 8.h3 O-O
9.Bd3 Re8 10.O-O c4 11.Bxc4 Nxe4 12.Nxe4 Rxe4 13.Bg5 f6 14.Bd3 Re8 15.Bf4 Na6
16.Bxa6 bxa6 17.Nd4 f5 18.Ne6 Bxe6 19.dxe6 Qf6 20.Re1 Rxe6 21.Qb3 Re8 22.Bxd6 Kh8
23.Rxe6 Qxe6 24.Qxe6 Rxe6 25.Bc5 Bxb2 26.Rb1 Rc6 27.Be3 Be5 28.Bxa7 Kg7 29.g3 Kf6
30.Rb7 h5 31.Bb6 Ke6 32.a4 Rc1+ 33.Kg2 Ra1 34.a5 Bc3 35.Ra7 Bxa5 36.Bd4 Rd1
37.Rxa6+ Kf7 38.Ra7+ Ke6 39.Bb2 Bd8 40.Rg7 g5 41.Rh7 h4 42.g4  1/2-1/2

[Event "5th I Platonov Mem"]
[Site "Kyiv UKR"]
[Date "2007.02.03"]
[Round "1"]
[White "Kruppa,Y"]
[Black "Matorin,E"]
[Result "1-0"]
[WhiteElo "2531"]
[BlackElo "2274"]

1.d4 Nf6 2.c4 e6 3.Nf3 c5 4.d5 exd5 5.cxd5 d6 6.Nc3 Be7 7.e4 O-O 8.Be2 Re8
9.O-O Bf8 10.Nd2 b6 11.f3 Ba6 12.Bxa6 Nxa6 13.Nc4 Nc7 14.a4 Qd7 15.Bg5 Be7
16.Qd2 h6 17.Be3 Bf8 18.g4 Rab8 19.Bf4 a6 20.e5 dxe5 21.Nxe5 Qc8 22.d6 Ne6
23.d7 Nxd7 24.Nxd7 Nxf4 25.Nxf8 Qc7 26.Nd7 Rbd8 27.Rad1 Kh8 28.Qd6 Qxd6 29.Rxd6 c4
30.Ne5 Rc8 31.Nxf7+ Kg8 32.Rd7 Re3 33.Nd6 Rc6 34.Nf5 Re5 35.Ne7+  1-0

[Event "FSGM February"]
[Site "Budapest HUN"]
[Date "2007.02.09"]
[Round "7"]
[White "Kosic,D"]
[Black "Pilgaard,K"]
[Result "1-0"]
[WhiteElo "2504"]
[BlackElo "2412"]

1.d4 Nf6 2.Nf3 c5 3.d5 e6 4.c4 d6 5.Nc3 exd5 6.cxd5 g6 7.e4 a6 8.a4 Bg4 9.Be2 Bg7
10.Nd2 Bxe2 11.Qxe2 Nfd7 12.O-O O-O 13.Nc4 Nb6 14.Ne3 N8d7 15.a5 Nc8 16.Bd2 Kh8
17.Nc4 Ne5 18.Nxe5 Bxe5 19.Kh1 Bg7 20.f4 Ne7 21.Na4 f5 22.Nb6 Rb8 23.Bc3 fxe4
24.Bxg7+ Kxg7 25.Qxe4 Nf5 26.Rae1 Qh4 27.Qd3 Rbe8 28.Qc3+ Kf7 29.Re6 Re7
30.g3 Qh3 31.Rxe7+ Nxe7 32.Re1 Nf5 33.Kg1 Nd4 34.Nc4 Kg8 35.Nxd6 Qd7 36.Ne4 Qxd5
37.Kf2 g5 38.Qxc5 Qxc5 39.Nxc5 gxf4 40.g4 Rc8 41.Re5 Rc7 42.Rd5 h6 43.h3 Nc2
44.Ne6 Rc4 45.Rc5 Ne3 46.Rxc4 Nxc4 47.b4 b6 48.axb6 Nxb6 49.Nc7 Kf7 50.Kf3 Nc4
51.Nxa6 Kf6 52.Kxf4 Nd6 53.Nc7  1-0

[Event "FSGM February"]
[Site "Budapest HUN"]
[Date "2007.02.09"]
[Round "7"]
[White "Ilincic,Z"]
[Black "Rajlich,I"]
[Result "1/2-1/2"]
[WhiteElo "2451"]
[BlackElo "2428"]

1.d4 Nf6 2.c4 e6 3.Nf3 c5 4.d5 exd5 5.cxd5 d6 6.Nc3 g6 7.g3 Bg7 8.Bg2 O-O
9.O-O a6 10.a4 Re8 11.Nd2 Nbd7 12.a5 b5 13.axb6 Nxb6 14.Nb3 Nc4 15.Ra4 Nb6
16.Ra2 Nc4 17.Ra4 Nb6 18.Ra2  1/2-1/2

[Event "FSGM February"]
[Site "Budapest HUN"]
[Date "2007.02.11"]
[Round "9"]
[White "Bodiroga,P"]
[Black "Pilgaard,K"]
[Result "1/2-1/2"]
[WhiteElo "2431"]
[BlackElo "2412"]

1.d4 Nf6 2.c4 e6 3.Nf3 c5 4.d5 d6 5.Nc3 exd5 6.cxd5 g6 7.h3 Bg7 8.e4 O-O
9.Bd3 Nbd7 10.O-O Nh5 11.Re1 a6 12.a4 Ne5 13.Be2 Nxf3+ 14.Bxf3 Qh4 15.Bxh5 gxh5
16.e5 Bxe5 17.Ne4 Bxh3 18.gxh3 Qxh3 19.Re3 Bh2+ 20.Kh1 Bg3+  1/2-1/2

[Event "Meurthe et Moselle GM"]
[Site "Nancy FRA"]
[Date "2007.02.22"]
[Round "5"]
[White "Brunner,N"]
[Black "Marzolo,C"]
[Result "1/2-1/2"]
[WhiteElo "2426"]
[BlackElo "2472"]

1.d4 c5 2.d5 Nf6 3.c4 e6 4.Nc3 exd5 5.cxd5 d6 6.Nf3 g6 7.g3 Bg7 8.Bg2 O-O
9.O-O a6 10.a4 Re8 11.h3 Nbd7 12.Nd2 Nh5 13.e4 Rb8 14.Nc4 Ne5 15.Na3 Rf8
16.Kh2 f5 17.f4 b5 18.axb5 axb5 19.Naxb5 fxe4 20.Na7 Nf3+ 21.Bxf3 exf3 22.Nxc8 Qxc8
23.Rxf3 Bd4 24.Qf1 Qb7 25.Ra6 Rbe8 26.Rxd6 Qb3 27.Re6 Rxe6 28.dxe6 Qxe6 29.Qe2 Qf7
30.Rf1 Re8 31.Qf3 Qb3 32.g4 Nxf4 33.Kh1 g5 34.Bxf4 gxf4 35.Qxf4  1/2-1/2

[Event "TCh-FIN 2006-7"]
[Site "Helsinki FIN"]
[Date "2007.03.10"]
[Round "8"]
[White "Kekki,P"]
[Black "Niemi,K"]
[Result "1-0"]
[WhiteElo "2355"]
[BlackElo "2283"]

1.d4 Nf6 2.c4 c5 3.d5 e6 4.Nc3 exd5 5.cxd5 d6 6.Nf3 g6 7.Qa4+ Bd7 8.Qb3 b5
9.Nxb5 Bxb5 10.Qxb5+ Nbd7 11.g3 Bg7 12.Bh3 O-O 13.O-O Rb8 14.Qd3 Re8 15.Rb1 Nb6
16.Bg5 Nbxd5 17.Rfd1 Nb4 18.Qc4 Qb6 19.Bxf6 Bxf6 20.a3 d5 21.Qf4 Re4 22.Qd2 Nc6
23.Qxd5 Rxe2 24.Qc4 Rxb2 25.Rxb2 Bxb2 26.Rd7 Qb3 27.Qe4 Nd4 28.Ng5 Rf8 29.Bf1 Bc1
30.h4 Bxg5 31.hxg5 Nf3+ 32.Kg2 Nxg5 33.Qf4 Qe6 34.Bb5 Qh3+ 35.Kg1 Qh5 36.Qe3 Rb8
37.Rxa7 Qg4 38.a4 h5 39.Kf1 Rd8 40.Be2 Qf5 41.Re7 Rd4 42.a5 Rb4 43.Bd3 Qd5
44.Bc2 Qh1+  1-0

[Event "FSIM March"]
[Site "Budapest HUN"]
[Date "2007.03.11"]
[Round "9"]
[White "Werner,Di"]
[Black "Bednay,B"]
[Result "1-0"]
[WhiteElo "2353"]
[BlackElo "2291"]

1.d4 Nf6 2.c4 e6 3.Nf3 c5 4.d5 exd5 5.cxd5 d6 6.Nc3 g6 7.e4 a6 8.a4 Bg4 9.Qb3 Bxf3
10.gxf3 Qc7 11.Nb1 Nbd7 12.Na3 Bg7 13.Nc4 O-O 14.Bf4 Ne8 15.Bh3 Rb8 16.Bxd7 Qxd7
17.O-O b5 18.axb5 Rxb5 19.Qd3 Rb4 20.Bd2 Rb8 21.f4 Nc7 22.Bc3 Bxc3 23.bxc3 Rb3
24.f3 Rfb8 25.Nd2 Rb2 26.c4 Qh3 27.Rf2 R8b6 28.Qe3 Ne8 29.f5 Nf6 30.Qg5 Kg7
31.fxg6 hxg6 32.e5 dxe5 33.Qxe5 a5 34.Raf1 a4 35.Ne4 Rxf2 36.Kxf2 Rb2+ 37.Ke3 Rb3+
38.Ke2 Qh4 39.d6 a3 40.d7 Rb2+ 41.Kd3  1-0

[Event "Victor Ciocaltea Mem"]
[Site "Bucharest ROM"]
[Date "2007.03.16"]
[Round "10"]
[White "Jianu,V"]
[Black "Barnaure,V"]
[Result "1/2-1/2"]
[WhiteElo "2498"]
[BlackElo "2433"]

1.d4 Nf6 2.c4 e6 3.Nf3 c5 4.d5 d6 5.Nc3 exd5 6.cxd5 a6 7.a4 g6 8.h3 Qe7 9.Nd2 Nbd7
10.e4 Bh6 11.Bd3 Nh5 12.Nc4 Nf4 13.Bf1 O-O 14.g3 Bg7 15.Ne3 Nh5 16.Bg2 Rb8
17.O-O b5 18.axb5 axb5 19.Ra5 b4 20.Nb5 Rxb5 21.Rxb5 Ba6 22.Ra5 Bxf1 23.Qxf1 Ndf6
24.Qd3 Re8 25.Nc4 Nxe4 26.Bxe4 Qxe4 27.Qxe4 Rxe4 28.Ra8+ Bf8 29.Bh6 Ng7 30.Nxd6 Re1+
31.Kg2 f5 32.Nc4 Re8 33.Ra7 Rd8 34.d6 Ne6 35.Bxf8 Nxf8 36.Re7 Nd7 37.g4 Nf6
38.g5 Ne4 39.Re5 Nxd6 40.Nxd6 Rxd6 41.Rxc5 Rd2 42.Rc8+  1/2-1/2

[Event "31st Conference"]
[Site "Blackpool ENG"]
[Date "2007.03.17"]
[Round "3"]
[White "Borchgrevink,H"]
[Black "Duke,M"]
[Result "1-0"]
[WhiteElo "2297"]
[BlackElo "2073"]

1.d4 Nf6 2.c4 c5 3.d5 e6 4.Nc3 exd5 5.cxd5 d6 6.Nf3 g6 7.h3 Bg7 8.Bf4 O-O
9.e3 Na6 10.Be2 Nc7 11.a4 b6 12.O-O a6 13.e4 Bb7 14.Nd2 Nce8 15.Re1 Nd7 16.Bf1 f5
17.Nc4 Ne5 18.Bxe5 dxe5 19.exf5 Rxf5 20.Bd3 Rf8 21.Nxe5 Qc7 22.Nc6 Bxc6 23.dxc6 Bd4
24.Re2 Rd8 25.Qb3+ Kh8 26.Bxa6 Qg3 27.Rf1 Nd6 28.Qd5 Qf4 29.c7 Rde8 30.Rxe8 Bxf2+
31.Kh1 Rxe8 32.Qf3 Qxf3 33.gxf3 Bg3 34.Rd1  1-0

[Event "Open"]
[Site "Zagreb CRO"]
[Date "2007.03.18"]
[Round "2"]
[White "Devcic,D"]
[Black "Sutic,D"]
[Result "1-0"]
[WhiteElo "2243"]
[BlackElo "2071"]

1.Nf3 Nf6 2.c4 e6 3.d4 c5 4.d5 exd5 5.cxd5 d6 6.Nc3 g6 7.e4 Bg7 8.h3 O-O
9.Bd3 Re8 10.O-O a6 11.a4 Nbd7 12.Bf4 Qc7 13.Re1 h6 14.Rc1 Nh5 15.Be3 Ne5
16.Nxe5 Rxe5 17.f4 Re8 18.Be2 Nf6 19.Bf3 Bd7 20.b4 c4 21.a5 Qc8 22.Kh2 Kh7
23.Bd4 Bb5 24.e5 Ng8 25.Bg4 Bd7 26.e6 fxe6 27.Bxg7 Kxg7 28.dxe6 Bxe6 29.Rxe6 Rxe6
30.Qd5 Kf6 31.Bxe6 Qxe6 32.Ne4+ Kf7 33.Qxb7+ Ne7 34.Qxa8 d5 35.Ng3 h5 36.Qh8 Qe3
37.Rc3 Qd2 38.Rf3 Nc6 39.Qh7+ Kf6 40.f5 Ne5 41.Qh8+ Kg5 42.Qxe5  1-0

[Event "Open"]
[Site "Zagreb CRO"]
[Date "2007.03.22"]
[Round "6"]
[White "Topel,Z"]
[Black "Pavic,J"]
[Result "1/2-1/2"]
[WhiteElo "2230"]
[BlackElo "2096"]

1.d4 Nf6 2.c4 e6 3.Nf3 c5 4.d5 exd5 5.cxd5 d6 6.Nc3 g6 7.e4 Bg7 8.Be2 O-O
9.O-O Re8 10.Nd2 Nbd7 11.f3 a6 12.a4 Rb8 13.Qc2 Qe7 14.Rb1 Nh5 15.Nb3 f5
16.Be3 f4 17.Bf2 Ne5 18.Nd2 Qg5 19.Rfd1 Ng3 20.Nf1 Nxf1 21.Kxf1 Qh6 22.Kg1 g5
23.b4 cxb4 24.Rxb4 g4 25.fxg4 Bxg4 26.h3 Bxe2 27.Nxe2 f3 28.Ng3 fxg2 29.Kxg2 Ng6
30.Nf5 Nf4+ 31.Kf3 Qxh3+ 32.Bg3 Be5 33.Qh2 Qxh2 34.Bxh2 Ng6 35.Bxe5 Nxe5+
36.Kf4 Red8 37.Rb3 b5 38.axb5 Rxb5 39.Rg3+ Ng6+ 40.Kg5 Rb4 41.Re1 Kf7 42.Rf3 Ne5
43.Nh6+ Ke7 44.Rf6 Kd7 45.Nf7 Rg8+ 46.Kf5 Nf3 47.Rh1 Nd4+ 48.Kf4 Rb3 49.Rxd6+ Ke7
50.Rxh7 Rf8 51.e5 Ne2+ 52.Kg5 Rg3+ 53.Kh4 Rxf7 54.Rxf7+ Kxf7 55.Rxa6 Rd3
56.Rf6+ Ke7 57.d6+ Kd7 58.Kg5 Rd5 59.Rf7+ Kd8 60.Kf6 Nd4 61.Ra7 Nc6 62.Rc7 Nxe5
63.Ke6 Ra5 64.Rg7 Kc8 65.Rg8+ Kb7 66.Rg5 Nc6  1/2-1/2

[Event "Rector Cup m"]
[Site "Kharkiv UKR"]
[Date "2007.03.29"]
[Round "3"]
[White "Shalimov,V UKR"]
[Black "Averjanov,A"]
[Result "1-0"]
[WhiteElo "2393"]
[BlackElo "2395"]

1.d4 Nf6 2.Nf3 c5 3.d5 e6 4.c4 d6 5.Nc3 exd5 6.cxd5 g6 7.e4 a6 8.a4 Bg4 9.Be2 Bxf3
10.Bxf3 Nbd7 11.Bf4 Qc7 12.O-O Bg7 13.Re1 O-O 14.Qc2 Rfc8 15.a5 Rab8 16.Na4 Ne8
17.Rab1 Qd8 18.Bd2 Nc7 19.b4 Nb5 20.bxc5 Na3 21.Qb3 Nxb1 22.Rxb1 Nxc5 23.Nxc5 dxc5
24.g3 Qc7 25.Be2 Re8 26.Qc4 Bd4 27.Bd3 Qd7 28.Kg2 Qe7 29.f4 Qd7 30.e5 g5
31.Be4 gxf4 32.gxf4 Kh8 33.Kh1 Rg8 34.Qe2 Rg4 35.e6 Rbg8 36.Qxg4  1-0

[Event "ch-Catalonia"]
[Site "Barcelona ESP"]
[Date "2007.04.01"]
[Round "1"]
[White "Quintana Ortiz,J"]
[Black "Rios,Al"]
[Result "0-1"]
[WhiteElo "1980"]
[BlackElo "2342"]

1.d4 Nf6 2.c4 c5 3.d5 e6 4.Nc3 exd5 5.cxd5 d6 6.Nf3 g6 7.e4 Bg7 8.Be2 O-O
9.Nd2 a6 10.a4 Re8 11.O-O b6 12.Re1 Ra7 13.Qc2 Rae7 14.Bf1 Bb7 15.Bc4 Nbd7
16.Nf3 Qc7 17.h3 Nh5 18.g4 Nhf6 19.Bf4 Ne5 20.Nxe5 dxe5 21.Be3 Qd6 22.Re2 Ra8
23.Rf1 h5 24.g5 Ne8 25.f4 exf4 26.Bxf4 Be5 27.Be3 Bd4 28.Rf3 Qe5 29.Qd2 Nd6
30.Bd3 Qxg5+ 31.Kh1 Bxe3 32.Rexe3 c4 33.e5 Rxe5 34.Rg3 Qh6 35.Bxg6 fxg6 36.Rxg6+ Qxg6
37.Rxe5 Nf7 38.Re2 Kf8 39.Qd4 Re8 40.Ne4 Re5  0-1

[Event "FSIMB April"]
[Site "Budapest HUN"]
[Date "2007.04.07"]
[Round "1"]
[White "Eperjesi,L"]
[Black "Niemi,K"]
[Result "1/2-1/2"]
[WhiteElo "2223"]
[BlackElo "2288"]

1.d4 Nf6 2.c4 c5 3.d5 e6 4.Nc3 exd5 5.cxd5 d6 6.Nf3 g6 7.e4 Bg7 8.Be2 O-O
9.O-O Nbd7 10.Bf4 Qe7 11.Nd2 Ne5 12.Re1 Nfd7 13.Bg3 g5 14.Nf1 Ng6 15.Bg4 Nde5
16.Bxc8 Rfxc8 17.Ne3 Qf6 18.Rb1 Rab8 19.a4 c4 20.Ng4 Qd8 21.Nxe5 Nxe5 22.Bxe5 Bxe5
23.g3 Qf6 24.Re3 a6 25.Qg4 Kh8 26.Kh1 Rg8 27.Rf3 Qe7 28.Nd1 b5 29.axb5 axb5
30.b3 Qc7 31.Rc1 Ra8 32.bxc4 bxc4 33.Rf5 f6 34.Nc3 Qa5 35.Qf3 Qa3 36.Qe3 Qb2
37.Nd1 Qb3 38.f4 gxf4 39.gxf4 Qxe3 40.Nxe3 Bb2 41.Rd1 c3 42.e5 fxe5 43.fxe5 c2
44.Nxc2 Bxe5 45.Ne1 Raf8 46.Rxf8 Rxf8  1/2-1/2

[Event "18th Pobeskydi Arcimpex"]
[Site "Frydek Mistek CZE"]
[Date "2007.04.07"]
[Round "5"]
[White "Lahner,J"]
[Black "Klima,L"]
[Result "1/2-1/2"]
[WhiteElo "2312"]
[BlackElo "2416"]

1.d4 Nf6 2.c4 e6 3.Nf3 c5 4.d5 exd5 5.cxd5 d6 6.Nc3 g6 7.h3 Bg7 8.e4 O-O
9.Bd3 b5 10.Bxb5 Nxe4 11.Nxe4 Qa5+ 12.Nfd2 Qxb5 13.Nxd6 Qa6 14.N2c4 Nd7 15.O-O Nb6
16.Nxb6 Qxb6 17.Nxc8 Raxc8 18.Rb1 Rfd8 19.Bf4 Qb7 20.d6 Bf8 21.Qd2 Bxd6 22.Bxd6 Rc6
23.Rfd1 Rcxd6 24.Qxd6 Rxd6 25.Rxd6 c4 26.Rdd1 Qe4 27.Rbc1 Qe2 28.b3 cxb3
29.axb3 Qb5 30.Ra1 Qxb3 31.Rd7 Qc3 32.Rdxa7 h5 33.h4 Kg7 34.g3 Qd4 35.R1a4 Qd1+
36.Kh2 Kh6 37.Rf4 f5 38.Ra2 Qd3 39.Ra1 Qc2 40.Kg1 Qe2 41.Rb4 Qf3 42.Rb6 f4
43.Rf6 Qc3 44.Raa6 Qe1+ 45.Kg2 Qe4+  1/2-1/2

[Event "1st Archil Ebralidze Mem"]
[Site "Tbilisi GEO"]
[Date "2007.04.11"]
[Round "10"]
[White "Jojua,D"]
[Black "Aroshidze,L"]
[Result "1/2-1/2"]
[WhiteElo "2420"]
[BlackElo "2500"]

1.d4 Nf6 2.c4 e6 3.Nf3 c5 4.d5 exd5 5.cxd5 d6 6.Nc3 a6 7.a4 g6 8.h3 Bg7 9.e4 O-O
10.Bd3 Nbd7 11.O-O Nh5 12.Be3 Re8 13.Qd2 Ne5 14.Be2  1/2-1/2

[Event "Reykjavik International"]
[Site "Reykjavik ISL"]
[Date "2007.04.17"]
[Round "7"]
[White "Vijayalakshmi,S"]
[Black "Kristjansson,St"]
[Result "1/2-1/2"]
[WhiteElo "2424"]
[BlackElo "2485"]

1.d4 Nf6 2.c4 e6 3.Nc3 c5 4.d5 exd5 5.cxd5 d6 6.Nf3 g6 7.e4 a6 8.a4 Bg4 9.Be2 Nbd7
10.Nd2 Bxe2 11.Qxe2 Bg7 12.Nc4 Nb6 13.Nxb6 Qxb6 14.e5 dxe5 15.Qxe5+ Kd7 16.O-O Rhe8
17.Qg3 Nh5 18.Qh3+ f5 19.a5 Qd6 20.Na4 Rad8 21.Be3 Bd4 22.Rac1 Bxe3 23.fxe3 Kc7
24.Rxc5+ Kb8 25.Rfc1 Nf6 26.Nb6 Nd7 27.Nxd7+ Rxd7 28.b4 Qe5 29.b5 axb5 30.Rxb5 Rxd5
31.Rb6 Qxe3+ 32.Qxe3 Rxe3 33.a6 Re7 34.Ra1 Rd8 35.Rab1 Rdd7 36.Kf2 Ka7 37.axb7 Rxb7
38.Rxb7+ Rxb7 39.Rxb7+ Kxb7 40.Ke3 Kc6 41.Kf4 Kd5 42.Kg5 Ke4 43.Kh6 f4 44.h4 Kf5
45.Kxh7 Kg4  1/2-1/2

[Event "TCh-UKR"]
[Site "Alushta UKR"]
[Date "2007.04.23"]
[Round "3"]
[White "Golichenko,I"]
[Black "Oleksienko,M"]
[Result "1/2-1/2"]
[WhiteElo "2316"]
[BlackElo "2560"]

1.d4 Nf6 2.c4 c5 3.d5 e6 4.Nc3 exd5 5.cxd5 d6 6.Nf3 g6 7.g3 Bg7 8.Bg2 O-O
9.O-O a6 10.a4 Nbd7 11.h3 Re8 12.Nd2 Rb8 13.Nc4 Nb6 14.Na3 Bd7 15.Re1 Qc7
16.e4 Nc8 17.Qd3 Na7 18.Nc4 b5 19.axb5 Nxb5 20.Bd2 Nxc3 21.Bxc3 Bb5 22.f4 Nd7
23.Bxg7 Kxg7 24.Qc3+ f6 25.Na5 Rbc8 26.g4 h6 27.Nc6 g5 28.e5 dxe5 29.fxe5 Nxe5
30.Nxe5 Rxe5 31.Rxe5 Qxe5 32.Qxe5 fxe5 33.Kf2 Kf6 34.Ke3 Ke7 35.h4 gxh4 36.Rh1 Rf8
37.Rxh4 Rf6 38.Rh5 Kd6 39.b3 c4 40.bxc4 Bxc4 41.Rh1 Kc5 42.Rc1 Rf4 43.Be4 Rf1
44.Rxc4+ Kxc4 45.Bd3+ Kxd5 46.Bxf1 a5 47.Bd3 Ke6  1/2-1/2

[Event "TCh-RUS HL"]
[Site "Sochi RUS"]
[Date "2007.05.04"]
[Round "2"]
[White "Sergienko,S"]
[Black "Shkurikhin,I"]
[Result "1-0"]
[WhiteElo "2480"]
[BlackElo "2353"]

1.d4 Nf6 2.c4 e6 3.Nc3 c5 4.d5 exd5 5.cxd5 d6 6.Nf3 g6 7.Nd2 a6 8.a4 Nbd7
9.e4 Bg7 10.Be2 O-O 11.O-O Re8 12.Qc2 Ne5 13.Nd1 g5 14.Ne3 Rb8 15.a5 Ng6
16.Re1 h5 17.f3 h4 18.Ndc4 Nf4 19.Bf1 N6h5 20.Bd2 Qf6 21.Bc3 Qg6 22.Bxg7 Nxg7
23.Qc3 Ngh5 24.b4 cxb4 25.Qxb4 Rd8 26.Qb6 Qf6 27.Qc7 Bd7 28.Qxd6 Qg7 29.Qe5 f6
30.Qd4 g4 31.fxg4 Bxg4 32.Nxg4 Qxg4 33.Qe3 Rd7 34.Qf3 Rg7 35.Qxg4 Rxg4 36.Kf2 Rc8
37.Rac1 Rg7 38.Nd6 Rb8 39.Nf5 Rg5 40.Nxh4 b5 41.Rc6 Ra8 42.Rec1 Re8 43.Rc8  1-0

[Event "FSGM May"]
[Site "Budapest HUN"]
[Date "2007.05.11"]
[Round "8"]
[White "Kosic,D"]
[Black "Illner,A"]
[Result "0-1"]
[WhiteElo "2507"]
[BlackElo "2339"]

1.d4 Nf6 2.Nf3 c5 3.d5 e6 4.c4 exd5 5.cxd5 d6 6.Nc3 g6 7.Bf4 Bg7 8.e3 O-O
9.h3 Na6 10.Nd2 Nc7 11.Nc4 b5 12.Nxd6 b4 13.Na4 Nfxd5 14.Bh2 Bd7 15.Nc4 Nc3
16.Nxc3 bxc3 17.Be5 Bxe5 18.Nxe5 cxb2 19.Rb1 Bf5 20.Qxd8 Rfxd8 21.Rxb2 Rab8
22.Nc4 Rxb2 23.Nxb2 Rb8 24.Nd1 Be6 25.a4 Rb4 26.Nc3 Rb3 27.Kd2 Rb2+ 28.Kc1 Rxf2
29.Ne4 Rf5 30.g4 Re5 31.Bg2 Bd5 32.Nf6+ Kg7 33.Nxd5 Nxd5 34.Bxd5 Rxd5 35.Kc2 c4
36.Kc3 Rd3+ 37.Kxc4 Rxe3 38.a5 Re5 39.Kb4 a6 40.Rd1 h5 41.Rd4 hxg4 42.hxg4 Kf6
43.Rf4+ Ke6 44.Rc4 Rb5+ 45.Ka4 Rd5 46.Re4+ Kf6 47.Rf4+ Ke6 48.Re4+ Kd6 49.Rf4 f5
50.gxf5 gxf5 51.Rb4 Ke5 52.Rb6 Rd6 53.Kb4 f4 54.Kc5 Re6 55.Rb1 Kf5 56.Rb3 Ke4
57.Rb6 Kf5 58.Rb1 f3 59.Kd4 Re5 60.Rb3 Re4+  0-1

[Event "25th Liechtenstein Open"]
[Site "Triesen LIE"]
[Date "2007.05.19"]
[Round "9"]
[White "Bronznik,V"]
[Black "Loidl,F"]
[Result "1/2-1/2"]
[WhiteElo "2396"]
[BlackElo "2232"]

1.d4 Nf6 2.Nf3 e6 3.c4 c5 4.d5 d6 5.Nc3 exd5 6.cxd5 g6 7.e4 Bg7 8.h3 O-O
9.Bd3 a6 10.a4 Qc7 11.O-O Nbd7 12.Bf4 Ne5 13.Nxe5 dxe5 14.Be3 b6 15.Rc1 Bd7
16.Qe2 a5 17.Bb5 Rad8 18.Bg5 h6 19.Bh4 Bc8 20.Rcd1 g5 21.Bg3 Qe7 22.Ba6 Bd7
23.d6 Qe8 24.b3 Kh8 25.Rfe1 Bc6 26.Bb5 Nh7 27.f3 Bxb5 28.Qxb5 Qxb5 29.Nxb5 Rd7
30.Na3 Rb8 31.Nc4 f6 32.Bf2 Nf8 33.Ne3 Ne6 34.Nf5 Bf8 35.h4 Nd4 36.Bxd4 cxd4
37.Rc1 Bxd6 38.Rc6 Bb4 39.Rd1 Rf8 40.Rd3 gxh4 41.Nxh4 Kh7 42.Nf5 Kg6 43.Kf1 Bc5
44.Ne3 Rd6 45.Rxd6 Bxd6 46.Nc4 Bc5 47.g3 Kg5 48.Ke2 h5 49.Rd1 Rh8 50.Rh1 Rd8
51.Kd3 Rh8 52.Ke2 h4 53.Rxh4 Rxh4 54.gxh4+ Kxh4 55.Nb2 Kg3 56.Nd3 Ba3 57.Nf2 Bc1
58.Nd3 Ba3 59.Nf2 Bf8 60.Nd3 Kg2 61.Ne1+ Kg1 62.Nd3 Bb4 63.Nf2 Kg2 64.Nd3 Ba3
65.Ne1+ Kh3 66.Nd3 Kh4 67.Kf2 Kg5 68.Ke2 Kg6 69.Kf2 Kg5 70.Ke2 Bd6 71.Kf2 Kg6
72.Ke2 Kf7 73.Kd2 Ba3 74.Ke2 Ke6 75.Kd2 Bf8 76.Ke2 Bh6 77.Kd1 f5 78.exf5+ Kxf5
79.Ke2 Be3 80.Nb2 e4 81.fxe4+ Kxe4 82.Nd3 Kd5 83.Kd1 Bg5 84.Kc2 Ke4 85.Nf2+ Kf3
86.Nd3 Ke2 87.Ne5 Bf4 88.Nd3 Bd6 89.Nc1+ Ke3 90.Nd3 Bc7 91.Nc1 Ke4 92.Nd3 Bg3
93.Nc1 Kd5 94.Nd3 Bd6 95.Nc1 Bc7 96.Nd3 Bd6 97.Nc1 Kc5 98.Nd3+ Kc6 99.Nc1 b5
100.axb5+ Kxb5 101.Nd3 Bg3 102.Kd1 Kc6 103.Ke2 Kd5 104.Kd1 Bd6 105.Kc2 Ke4
106.Nb2 Bb4 107.Nd3 Ke3 108.Ne5 Ke2 109.Nd3 Ba3 110.Ne5 Bd6 111.Nd3 Ke3 112.Nc1 Ke4
113.Nd3 Ba3 114.Ne1 Kd5 115.Nd3 Bb4 116.Nc1 Bc3 117.Nd3 Kd6 118.Nc1 Kc5 119.Kd3 Kb5  1/2-1/2

[Event "XXII Felix Cup"]
[Site "Felix Spa ROM"]
[Date "2007.05.27"]
[Round "5"]
[White "Manolache,M"]
[Black "Hajbok,R"]
[Result "1-0"]
[WhiteElo "2504"]
[BlackElo "2094"]

1.d4 Nf6 2.Nf3 c5 3.d5 e6 4.c4 exd5 5.cxd5 d6 6.Nc3 g6 7.Nd2 Bg7 8.Nc4 O-O
9.Bf4 Ne8 10.Qd2 Bxc3 11.bxc3 b5 12.Na3 a6 13.g3 f5 14.Bg2 Nf6 15.O-O Qe7
16.f3 Nbd7 17.Rae1 Ne5 18.e4 fxe4 19.fxe4 Nfd7 20.Bg5 Rxf1+ 21.Rxf1 Qe8 22.Nc2 Nf7
23.Bh4 Nde5 24.h3 Ra7 25.g4 Nc4 26.Qe1 g5 27.Bg3 Nfe5 28.Ne3 Nxe3 29.Qxe3 Qe7
30.Qf2 Nc4 31.Kh1 Qg7 32.e5 Rf7 33.Qxf7+ Qxf7 34.Rxf7 Kxf7 35.exd6 Ne3 36.Be4 Bb7
37.d7  1-0

[Event "Memorial Day Classic"]
[Site "Los Angeles USA"]
[Date "2007.05.28"]
[Round "6"]
[White "Moussa,A"]
[Black "Higa,R"]
[Result "1-0"]
[WhiteElo "2223"]
[BlackElo "2034"]

1.d4 Nf6 2.c4 c5 3.d5 e6 4.Nc3 exd5 5.cxd5 d6 6.Nf3 g6 7.Bg5 Bg7 8.Nd2 a6
9.a4 h6 10.Bh4 g5 11.Bg3 Nh5 12.Nc4 Nxg3 13.hxg3 Bf5 14.e4 Qe7 15.Qf3 Bg6
16.Nb6 Nd7 17.Nxa8 O-O 18.Be2 Rxa8 19.O-O Re8 20.Rfe1 Bxe4 21.Nxe4 Qxe4 22.Qxe4 Rxe4
23.Bf3 Rb4 24.Re8+ Nf8 25.Rd8 Bxb2 26.Rb1 Be5 27.Rxb4 cxb4 28.Rb8 b3 29.Rxb7 b2
30.Be4 a5 31.Kf1 Nh7 32.Bxh7+ Kxh7 33.Ke2 Kg6 34.Kd3 f6 35.f4 gxf4 36.gxf4 Bxf4
37.Rxb2 Bg3 38.Rb5 Be1 39.Rb6 Bb4 40.Rxb4  1-0

[Event "29th Mem Nezhmetdinov"]
[Site "Kazan RUS"]
[Date "2007.06.04"]
[Round "4"]
[White "Gleizerov,E"]
[Black "Novgorodskij,V"]
[Result "0-1"]
[WhiteElo "2570"]
[BlackElo "2351"]

1.d4 Nf6 2.c4 c5 3.d5 e6 4.Nc3 exd5 5.cxd5 d6 6.Nf3 g6 7.g3 Bg7 8.Bg2 O-O
9.O-O Na6 10.Nd2 Nc7 11.Nc4 b5 12.Nxd6 Qxd6 13.Bf4 Qb6 14.d6 Ne6 15.Bxa8 Nxf4
16.gxf4 Bh3 17.Bg2 Bxg2 18.Kxg2 b4 19.Na4 Qc6+ 20.Kg1 c4 21.Rc1 a5 22.Qc2 Ne8
23.Rfd1 Nxd6 24.Rxd6 Qxd6 25.Qxc4 Qd7 26.b3 Qg4+ 27.Kh1 Qh4 28.Rf1 Bh6 29.e3 Rd8
30.Qe2 Qe7 31.Re1 Bg7 32.Kg1 Rd5 33.Nb6 Rh5 34.Qg4 h6 35.Nc4 Rh4 36.Qg3 Bf6
37.Rd1 Qe4 38.f3 Qe7 39.Kg2 Kh7 40.e4 Rh5 41.e5 Bg7 42.Qg4 f5 43.Qg3 g5 44.Rd6 Rh4
45.fxg5 hxg5 46.Qe1 g4 47.f4 Rh3 48.Ne3 Bxe5 49.Nxg4 Bxd6 50.Qxe7+ Bxe7 51.Kxh3 fxg4+
52.Kxg4 Kg6 53.h4 Kf6 54.f5 Bd6 55.h5 Bf8  0-1

[Event "29th Mem Nezhmetdinov"]
[Site "Kazan RUS"]
[Date "2007.06.06"]
[Round "6"]
[White "Rychagov,A"]
[Black "Novgorodskij,V"]
[Result "1/2-1/2"]
[WhiteElo "2571"]
[BlackElo "2351"]

1.d4 Nf6 2.Nf3 c5 3.d5 e6 4.c4 exd5 5.cxd5 d6 6.Nc3 g6 7.h3 Bg7 8.e4 O-O
9.Bd3 b5 10.Nxb5 Re8 11.Nd2 Nxe4 12.Nxe4 f5 13.O-O fxe4 14.Be2 Be5 15.Nc3 Qh4
16.Bg4 Bxg4 17.Qxg4 Qxg4 18.hxg4 Nd7 19.Re1 Nf6 20.Bg5 Nxg4 21.Rxe4 Bxc3
22.Rxe8+ Rxe8 23.bxc3 Re5 24.Bf4 Rxd5 25.f3 Ne5 26.Rb1 Kf7 27.Rb7+  1/2-1/2